[Event "Wch Juvenil 2010 sub12"]
[Site "Porto Carras GRE"]
[Date "2010.10.30"]
[Round "11.2"]
[White "Troff, Kayden W"]
[Black "Wang, Yi Ye"]
[Result "1/2-1/2"]
[WhiteElo "2216"]
[BlackElo "2011"]
[PlyCount "97"]
[EventDate "2010.10.20"]
[EventType "swiss"]
[EventRounds "11"]
[EventCountry "GRE"]
[Source "lmi"]
[SourceDate "2010.10.20"]

1. d4 Nf6 2. Nf3 g6 3. Bg5 Bg7 4. e3 d6 5. Be2 Nbd7 6. O-O O-O 7. c4 a6 8. Nc3
c6 9. a4 a5 10. Re1 Qc7 11. Bf1 Re8 12. Qc2 Nb8 13. Rad1 Na6 14. Qb1 e5 15. c5
dxc5 16. Nxe5 cxd4 17. exd4 Be6 18. Qc1 Nb4 19. Bf4 Qb6 20. Be3 Nfd5 21. Nc4
Qc7 22. Nxd5 Nxd5 23. Bh6 Bf6 24. Qd2 Red8 25. Qd3 Nb4 26. Qf3 Nd5 27. Ne3 Bg7
28. Bxg7 Kxg7 29. g3 Nf6 30. Bc4 Bxc4 31. Nxc4 Rd5 32. Qc3 Rh5 33. Ne3 Qd7 34.
f3 Nd5 35. Nxd5 Rxd5 36. Re4 Re8 37. b3 Kg8 38. Rde1 Rxe4 39. Rxe4 Kg7 40. Kg2
Qd6 41. h4 h5 42. Kf2 Qd7 43. Re5 Qh3 44. Rxd5 cxd5 45. Qc7 Qh2+ 46. Ke3 Qg1+
47. Ke2 Qg2+ 48. Ke3 Qg1+ 49. Ke2 1/2-1/2

[Event "Wch Juvenil 2010 sub12"]
[Site "Porto Carras GRE"]
[Date "2010.10.30"]
[Round "11.4"]
[White "Donchenko, Alexander"]
[Black "Sanal, Vahap"]
[Result "1-0"]
[WhiteElo "2204"]
[BlackElo "2170"]
[PlyCount "89"]
[EventDate "2010.10.20"]
[EventType "swiss"]
[EventRounds "11"]
[EventCountry "GRE"]
[Source "lmi"]
[SourceDate "2010.10.20"]

1. e4 c5 2. Nf3 e6 3. d4 cxd4 4. Nxd4 a6 5. c4 Nf6 6. Nc3 Qc7 7. a3 Be7 8. Be3
d6 9. Be2 Nbd7 10. O-O b6 11. Rc1 Bb7 12. f3 O-O 13. Qe1 Rac8 14. Qf2 Qb8 15.
Rfd1 Rfe8 16. Nc2 Bd8 17. Kh1 Bc7 18. g3 Qa8 19. Nb4 Nc5 20. Kg1 Nfd7 21. Nd3
Nb3 22. Rb1 Bc6 23. Nc1 Nxc1 24. Rbxc1 Rf8 25. Bf4 Ne5 26. b4 f5 27. Qe3 Rce8
28. Bxe5 dxe5 29. exf5 exf5 30. Nd5 Bd8 31. Rc3 Qb7 32. b5 axb5 33. cxb5 Bd7
34. Qd2 Be6 35. Rc6 Kh8 36. Kg2 f4 37. Nc3 h5 38. Ne4 Re7 39. Qxd8 Rxd8 40.
Rxd8+ Kh7 41. Ng5+ Kh6 42. Nxe6 g6 43. Rh8+ Rh7 44. Rxh7+ Qxh7 45. Nf8 1-0

[Event "Wch Juvenil 2010 sub12"]
[Site "Porto Carras GRE"]
[Date "2010.10.30"]
[Round "11.5"]
[White "Mohammad, Nubairshah Shaikh"]
[Black "Steinberg, Nitzan"]
[Result "1/2-1/2"]
[WhiteElo "2071"]
[BlackElo "2263"]
[PlyCount "132"]
[EventDate "2010.10.20"]
[EventType "swiss"]
[EventRounds "11"]
[EventCountry "GRE"]
[Source "lmi"]
[SourceDate "2010.10.20"]

1. c4 e6 2. Nc3 d5 3. cxd5 exd5 4. d4 Nf6 5. Bg5 Bb4 6. Rc1 O-O 7. e3 Nbd7 8.
Bd3 Re8 9. Nge2 c6 10. O-O h6 11. Bh4 Be7 12. f3 Nf8 13. Qc2 Ne6 14. Bf2 b6 15.
Rcd1 Bb7 16. h3 c5 17. dxc5 bxc5 18. Bc4 Qa5 19. Nxd5 Bxd5 20. Bxd5 Nxd5 21.
Rxd5 Qxa2 22. Nc3 Qa6 23. Rfd1 Rab8 24. Rd7 Rb7 25. Qa4 Qxa4 26. Nxa4 Reb8 27.
Bg3 Rxd7 28. Rxd7 Rb4 29. Rxa7 Bf6 30. Bd6 Bxb2 31. Nxc5 Nxc5 32. Bxc5 Rc4 33.
Bd6 Bc1 34. Ra8+ Kh7 35. e4 Be3+ 36. Kh2 Rc6 37. Ra3 Bd2 38. Bg3 Re6 39. Rd3
Bb4 40. Rb3 Bc5 41. Rc3 Bd4 42. Rc2 Ra6 43. Bf2 Be5+ 44. g3 g5 45. Kg2 Ra1 46.
Be3 Re1 47. Bf2 Rd1 48. Re2 Kg6 49. Be3 Bb8 50. Rd2 Re1 51. Bd4 Rc1 52. Rb2 Bc7
53. Be3 Rc3 54. Bf2 Rc1 55. g4 Be5 56. Ra2 h5 57. gxh5+ Kxh5 58. h4 gxh4 59.
Ra5 f6 60. f4 Kg4 61. fxe5 h3+ 62. Kh2 Rc2 63. Kg1 Rc1+ 64. Kh2 Rc2 65. Kg1
Rc1+ 66. Kh2 Rc2 1/2-1/2

[Event "Wch Juvenil 2010 sub12"]
[Site "Porto Carras GRE"]
[Date "2010.10.30"]
[Round "11.6"]
[White "Petrosyan, Manuel"]
[Black "Vetoshko, Volodymyr"]
[Result "1-0"]
[WhiteElo "1990"]
[BlackElo "2211"]
[PlyCount "137"]
[EventDate "2010.10.20"]
[EventType "swiss"]
[EventRounds "11"]
[EventCountry "GRE"]
[Source "lmi"]
[SourceDate "2010.10.20"]

1. e4 e5 2. Nf3 Nc6 3. Bc4 Nf6 4. d3 Be7 5. O-O O-O 6. c3 d5 7. exd5 Nxd5 8. h3
Nb6 9. Bb5 f6 10. Re1 Qd5 11. c4 Qf7 12. Bxc6 bxc6 13. Nc3 Rd8 14. Ne4 Bb4 15.
Bd2 Rxd3 16. Re3 Rd8 17. Qc2 Bxd2 18. Nexd2 Be6 19. b3 a5 20. Qc3 a4 21. Rae1
Qg6 22. Ne4 axb3 23. axb3 Ra2 24. Nc5 Bc8 25. Nd3 Bd7 26. Nc5 Bc8 27. Nd3 Ra8
28. Ndxe5 fxe5 29. Nxe5 Qh6 30. Rf3 Be6 31. Nxc6 Rf8 32. Rxf8+ Rxf8 33. Qe5 Bd7
34. Ne7+ Kh8 35. Qxc7 Qd2 36. Rf1 Qg5 37. Qxb6 Qxe7 38. c5 Rc8 39. b4 Qg5 40.
Kh1 Qd5 41. f3 h6 42. Qg6 Rc6 43. Qg3 Kh7 44. Qf4 Rf6 45. Qe3 Qc4 46. Rd1 Bf5
47. Qd4 Qe2 48. Qd2 Qe5 49. Qe1 Qb8 50. Rd5 Qb7 51. Rd6 Rf7 52. Qc3 Qb5 53. Kh2
Re7 54. c6 Rc7 55. h4 Bg6 56. Kh1 Qf1+ 57. Kh2 Qf2 58. Qc4 Qe1 59. Qd4 Qe8 60.
b5 Qb8 61. Qc5 Be8 62. Kh1 Qa8 63. Qf5+ g6 64. Qe5 h5 65. Re6 Bf7 66. Qxc7 Qa1+
67. Kh2 Kg8 68. Qb8+ Kh7 69. Re4 1-0

[Event "Wch Juvenil 2010 sub12"]
[Site "Porto Carras GRE"]
[Date "2010.10.30"]
[Round "11.10"]
[White "Bellahcene, Bilel"]
[Black "Lorparizangeneh, Shahin"]
[Result "0-1"]
[WhiteElo "2152"]
[BlackElo "2021"]
[PlyCount "112"]
[EventDate "2010.10.20"]
[EventType "swiss"]
[EventRounds "11"]
[EventCountry "GRE"]
[Source "lmi"]
[SourceDate "2010.10.20"]

1. e4 c6 2. d4 d5 3. Nd2 dxe4 4. Nxe4 Bf5 5. Ng3 Bg6 6. Nh3 e6 7. Nf4 Qh4 8. c3
Nd7 9. Be3 Ngf6 10. Qd2 Bd6 11. O-O-O O-O 12. Be2 e5 13. Nxg6 hxg6 14. Bg5 Qh7
15. dxe5 Bxe5 16. Bf3 Nb6 17. Rhe1 Rfe8 18. Re2 Re6 19. Rde1 Rae8 20. h3 Nc4
21. Qd3 b5 22. b3 Na5 23. Rxe5 Rxe5 24. Rxe5 Rxe5 25. Qd8+ Ne8 26. Bf4 Re1+ 27.
Kd2 Re6 28. Qxa5 g5 29. Be3 Qb1 30. Qa3 Rd6+ 31. Bd4 b4 32. Be4 bxc3+ 33. Kxc3
Qa1+ 34. Qb2 Qxb2+ 35. Kxb2 Rxd4 36. Kc3 c5 37. Bc2 Nd6 38. a4 g6 39. f3 f5 40.
Bd3 Kf7 41. Nf1 Ke6 42. Ne3 Ke5 43. Nc2 Rh4 44. b4 cxb4+ 45. Nxb4 a5 46. Nc6+
Kd5 47. Ne7+ Ke6 48. Nxg6 Rxa4 49. g4 Ra3+ 50. Kc2 Ra2+ 51. Kc3 Kf6 52. Nf8 Rh2
53. Nh7+ Kg6 54. Nf8+ Kg7 55. Ne6+ Kf6 56. Nd4 f4 0-1